| 000 | 00451pab a2200157 454500 | ||
|---|---|---|---|
| 008 | 180718b2006 xxu||||| |||| 00| 0 eng d | ||
| 100 | _aBertocci, Peter J. | ||
| 245 | _aA Sufi movement in Bangladesh: the Maijbhandari tariqa and its followers | ||
| 260 | _c2006 | ||
| 300 | _ap.1-28. | ||
| 362 | _aJan-Apr | ||
| 650 | _aSocial movements - Bangladesh | ||
| 650 | _aSocial movements | ||
| 773 | _aContributions to Indian Sociology | ||
| 909 | _a69835 | ||
| 999 |
_c69835 _d69835 |
||